000 01069nam a2200265Ia 4500
003 OSt
005 20220923212529.0
006 a|||||r|||| 00| 0
007 ta
008 220922b |||||||| |||| 00| 0 hin d
024 _a153,841
037 _cTextual
040 _aARTS
_cARTS
_bhin
041 _2hin
_ahin
082 _aO15:g, 152K5-;2 (TTPS)
100 _aचैतन्य, कृष्ण
245 0 _aसंस्कृत साहित्य का नवीन इतिहास, अनु विनयकुमार राय
246 _aSanskṛut sāhitya kā navīn itihāsa, anu0 vinayakumār rāya
260 _aवाराणसी
_b चौखम्बा प्रकाशन
_c1965
300 _a546पृ.
_ccm.
490 _aविद्याभवन राष्ट्रभाषा ग्रंथमाला; 77
650 _aहिन्दी साहित्य
_9156264
942 _hO15:g, 152K5-;2 (TTPS)
_cTEXL
_2CC
999 _c309475
_d309475